Advanced grammar in use <a> self-study reference and practice book for advanced learners of English : with answers and eBook
Gespeichert in:
| 1. Verfasser: | |
|---|---|
| Format: | Buch |
| Sprache: | Englisch |
| Veröffentlicht: |
Cambridge
Cambridge University Press
2015
|
| Ausgabe: | 3rd ed. |
| Schlagworte: | |
| Tags: |
Keine Tags, Fügen Sie das erste Tag hinzu!
|
MARC
| LEADER | 00000nam a2200000 4500 | ||
|---|---|---|---|
| 001 | 0237535 | ||
| 005 | 20240226124508.1 | ||
| 020 | |a 978-1-107-53930-3 | ||
| 041 | 0 | |a eng | |
| 044 | |a GB | ||
| 245 | 1 | 0 | |a Advanced grammar in use |b <a> self-study reference and practice book for advanced learners of English : with answers and eBook |c Martin Hewings |
| 250 | |a 3rd ed. | ||
| 264 | 1 | |a Cambridge |b Cambridge University Press |c 2015 | |
| 300 | |a ix, 294 s. | ||
| 610 | 2 | 0 | |a angličtina |
| 610 | 2 | 0 | |a jazyky cudzie |
| 610 | 2 | 0 | |a gramatika |
| 610 | 2 | 0 | |a zásoba slovná |
| 610 | 2 | 0 | |a konverzácia |
| 610 | 2 | 0 | |a terminológia |
| 100 | 1 | |a Hewings, Martin | |